[Event "US Junior"]
[Site "Dallas USA"]
[Date "2006.07.20"]
[Round "8"]
[White "Gulamali,K"]
[Black "Schneider,Ig"]
[Result "1/2-1/2"]
[WhiteElo "2302"]
[BlackElo "2367"]

1.e4 e6 2.d4 d5 3.Nc3 Nf6 4.e5 Nfd7 5.f4 c5 6.Nf3 a6 7.Be3 Qb6 8.a3 Nc6 9.Be2 cxd4
10.Nxd4 Nxd4 11.Bxd4 Bc5 12.Na4 Qa5+ 13.c3 Bxd4 14.Qxd4 Qc7 15.b4 O-O 16.O-O b6
17.Nb2 Bb7 18.c4 dxc4 19.Nxc4 b5 20.Nd6 Bd5 21.Rac1 Qb6 22.Qxb6 Nxb6  1/2-1/2

[Event "Czech Open A"]
[Site "Pardubice CZE"]
[Date "2006.07.23"]
[Round "3"]
[White "Dinger,F"]
[Black "Meister,P"]
[Result "1/2-1/2"]
[WhiteElo "2259"]
[BlackElo "2384"]

1.e4 e6 2.d4 d5 3.Nc3 Nf6 4.e5 Nfd7 5.f4 c5 6.Nf3 Nc6 7.Be3 a6 8.Qd2 b6 9.h4 Bb7
10.h5 Qc7 11.Ne2 f6 12.O-O-O O-O-O 13.c3 Be7 14.h6 gxh6 15.exf6 Nxf6 16.Rxh6 Ng4
17.Rh5 h6 18.g3 Kb8 19.Kb1 Qd7 20.Nc1 Rdg8 21.Rh3 c4 22.Ne2 b5 23.Ne5 Ncxe5
24.dxe5 Nxe3 25.Qxe3 b4 26.Nd4 Ka8 27.Be2 bxc3 28.bxc3 Rb8 29.Ka1 Ba3 30.Rb1 Bc6
31.Rhh1 Ba4 32.Qd2 Bc5 33.Bf3 Bxd4 34.Qxd4 Bc2 35.Rxb8+ Rxb8 36.Qxc4 Qb7
37.Qb4 Qc6 38.Qa3 Qb5 39.Qc1 Qd3 40.Qa3 Qb5 41.Qc1 Qd3 42.Qa3  1/2-1/2

[Event "10th Battle of Senta 1697 Open"]
[Site "Senta SCG"]
[Date "2006.07.23"]
[Round "4"]
[White "Urosevic,G"]
[Black "Erdos,B"]
[Result "1/2-1/2"]
[WhiteElo "2210"]
[BlackElo "2044"]

1.d4 e6 2.e4 d5 3.Nc3 Nf6 4.e5 Nfd7 5.f4 c5 6.Nf3 Nc6 7.Be3 a6 8.Qd2 b5 9.Ne2 cxd4
10.Nexd4 Nxd4 11.Nxd4 Bb7 12.h4 Nb6 13.b3 Rc8 14.a3 Bc5 15.h5 Qe7 16.b4 Bxd4
17.Bxd4 Nc4 18.Qd3 f6 19.Qg3 fxe5 20.fxe5 h6 21.Bd3 Qg5 22.Qxg5 hxg5 23.Rf1 Rc7
24.Bg6+ Kd8 25.Ke2 Bc6 26.Bf7 Be8 27.Bxe6 Re7 28.Bxd5 Bxh5+ 29.Kd3 Nxe5+
30.Kc3 Nd7 31.Rh1 Rh6 32.a4 bxa4 33.Rxa4 Be2 34.Raa1 Bb5 35.Rxh6 gxh6 36.Rh1 Rh7
37.Kd2 Kc7 38.Bg8 Re7 39.c4 Bc6 40.Rxh6 Kb7 41.Rg6 Bxg2 42.Rxg5 Bc6 43.Kc3 Nb6
44.Rg7 Rxg7 45.Bxg7 Nc8 46.Bf8 Kc7 47.Bd5 Bd7 48.Kd4 Nb6 49.Bf7 Nc8 50.Kc5 Bc6
51.Bd5 Be8 52.Bh6 Ne7 53.Bf4+ Kc8 54.Be4 Bf7 55.Bd6 Ng8 56.Bd5 Bxd5 57.cxd5 Kb7
58.Bf4 Nf6 59.Kd6 Kb6 60.Ke6 Nxd5  1/2-1/2

[Event "XI Open"]
[Site "Balaguer ESP"]
[Date "2006.07.24"]
[Round "8"]
[White "Colovic,A"]
[Black "Ravi,L"]
[Result "1/2-1/2"]
[WhiteElo "2462"]
[BlackElo "2390"]

1.e4 e6 2.d4 d5 3.Nc3 Nf6 4.e5 Nfd7 5.Nce2 c5 6.c3 Nc6 7.Nf3 a5 8.a3 a4 9.g3 Be7
10.Bh3 cxd4 11.cxd4 Nb6 12.Nc3 Bd7 13.O-O Na5 14.Nd2 h5 15.Re1 Bc6 16.Bf1 g5
17.Rb1 g4 18.b4 axb3 19.Nxb3 Nac4 20.Nc5 Nxa3 21.Bxa3 Rxa3 22.Nb5 Ra8 23.Nd6+ Bxd6
24.exd6 Nc8 25.d7+ Bxd7 26.Rxb7 Ra7 27.Rxd7 Rxd7 28.Bb5 Nb6 29.Bxd7+ Nxd7
30.Qa4 Ke7 31.Qa7 Qc8 32.Rb1 Rd8 33.Rb7 Qc6 34.Rc7 Qb5 35.Rb7 Qc6 36.Rc7 Qb5
37.Rb7 Qc6  1/2-1/2

[Event "32nd Open"]
[Site "Sitges ESP"]
[Date "2006.07.24"]
[Round "4"]
[White "Draghici,G"]
[Black "Hess,C1"]
[Result "1/2-1/2"]
[WhiteElo "2093"]
[BlackElo "2326"]

1.e4 e6 2.d4 d5 3.Nc3 Nf6 4.e5 Nfd7 5.f4 c5 6.Nf3 Nc6 7.Be3 cxd4 8.Nxd4 Bc5
9.Qd2 O-O 10.O-O-O a6 11.Qf2 Nxd4 12.Bxd4 Qc7 13.Bd3 Bxd4 14.Qxd4 Qc5 15.Ne2 b5
16.Rhe1 Re8 17.g4 Bb7 18.h4 b4 19.g5 a5 20.h5 Ba6 21.g6 fxg6 22.hxg6 h6 23.f5 Bxd3
24.Rxd3 Rac8 25.Rd2 exf5 26.Qxd5+ Qxd5 27.Rxd5 Nxe5 28.Nf4 Nc4 29.Rxe8+ Rxe8
30.Ne6 f4 31.Rc5 f3 32.Rc7 f2 33.Rxg7+ Kh8 34.Rh7+ Kg8 35.Rg7+  1/2-1/2

[Event "Sunny Pawn Open"]
[Site "Illichevsk UKR"]
[Date "2006.07.28"]
[Round "8"]
[White "Meribanov,V"]
[Black "Vusatiuk,V"]
[Result "1/2-1/2"]
[WhiteElo "1909"]
[BlackElo "2136"]

1.e4 e6 2.d4 d5 3.Nc3 Nf6 4.e5 Nfd7 5.f4 c5 6.Nf3 Nc6 7.Be3 cxd4 8.Nxd4 Bc5
9.Qd2 O-O 10.Be2 a6 11.O-O Nxd4 12.Bxd4 Qb6 13.Bxc5 Qxc5+ 14.Kh1 b5 15.Bd3 b4
16.Ne2 a5 17.Rae1 Ba6 18.Nd4 g6 19.Bxa6 Rxa6 20.Rf3 Qb6 21.Rg3 f5 22.exf6 Rxf6
23.Qe3 Nc5 24.Qe5 Nd7 25.Qe3 Qd6 26.Rf3 Nc5 27.Qe5 Qd8 28.g4 Rf8 29.f5 exf5
30.gxf5 Raf6 31.fxg6 hxg6 32.Rxf6 Rxf6 33.Qe8+ Qxe8 34.Rxe8+ Kf7 35.Rd8 Rf1+
36.Kg2 Rd1 37.Nf3 Rc1 38.Rxd5 Rxc2+ 39.Rd2 Rxd2+ 40.Nxd2 Ke6 41.Kf3 Kd5 42.Ke3 a4
43.Nf3 Nd7 44.Kd3 Nf6 45.h3 Nh5 46.Ke3 Ng3 47.Nd2 Nf5+ 48.Kd3 Nd6 49.Nf3 Ne4
50.Ke3 g5 51.Ne1 Nd6 52.b3 a3 53.Nd3 Nf5+ 54.Kd2 Ke4 55.Nxb4 Nd4 56.Nc2 Nb5
57.Ke2 Nc3+ 58.Kf2 Nxa2 59.Nxa3 Nc1 60.b4 Nd3+ 61.Kg3 Nxb4 62.Kg4 Nd3 63.Kxg5 Ne5
64.Nb5 Nf3+ 65.Kg4 Ne5+ 66.Kg3 Kf5  1/2-1/2

[Event "Czech Open A"]
[Site "Pardubice CZE"]
[Date "2006.07.28"]
[Round "8"]
[White "Fruebing,S"]
[Black "Prenzler,D"]
[Result "1/2-1/2"]
[WhiteElo "2284"]
[BlackElo "2197"]

1.e4 e6 2.d4 d5 3.Nc3 Nf6 4.e5 Nfd7 5.f4 c5 6.Nf3 a6 7.Be3 Qb6 8.a3 Nc6 9.dxc5 Bxc5
10.Bxc5 Nxc5 11.Qc1 O-O 12.Be2 d4 13.Nd1 f6 14.exf6 Rxf6 15.Nf2 Qc7 16.b4 Na4
17.Nd3 Nc3 18.Qd2 Ne4 19.Qc1 Nc3 20.Qd2 Ne4  1/2-1/2

[Event "Czech Open A"]
[Site "Pardubice CZE"]
[Date "2006.07.29"]
[Round "9"]
[White "Gumula,D"]
[Black "Cernousek,L"]
[Result "0-1"]
[WhiteElo "2306"]
[BlackElo "2418"]

1.e4 e6 2.d4 d5 3.Nc3 Nf6 4.e5 Nfd7 5.f4 c5 6.Nf3 Nc6 7.Be3 a6 8.Qd2 b5 9.a3 g5
10.fxg5 cxd4 11.Bxd4 Bg7 12.h4 O-O 13.O-O-O Rb8 14.Ne2 Qc7 15.Nf4 Ndxe5 16.Qc3 Nxf3
17.Bxg7 Qxf4+ 18.Kb1 d4 19.Qxc6 Bb7 20.Qc5 Rfc8 21.Rxd4 Nd2+ 22.Ka1 Rxc5
23.Rxf4 Kxg7 24.Bd3 e5 25.Rf6 e4 26.Be2 Rxc2  0-1

[Event "VIII Open"]
[Site "Sants ESP"]
[Date "2006.08.02"]
[Round "9"]
[White "Alsina Leal,D"]
[Black "Berrocal,J"]
[Result "0-1"]
[WhiteElo "2428"]
[BlackElo "2317"]

1.e4 e6 2.d4 d5 3.Nc3 Nf6 4.e5 Nfd7 5.f4 c5 6.Nf3 Nc6 7.Be3 a6 8.Qd2 b5 9.a3 Bb7
10.Ne2 Rc8 11.g3 Be7 12.Bg2 g6 13.O-O Qc7 14.b3 b4 15.axb4 cxb4 16.g4 Na7
17.Rac1 a5 18.f5 Ba6 19.fxe6 fxe6 20.Ng5 Qb6 21.Nf7 Rf8 22.Nh6 Nc6 23.Rcd1 Bb5
24.Kh1 Nd8 25.Rxf8+ Bxf8 26.Ng8 a4 27.bxa4 Bxa4 28.Rc1 Rc4 29.Bg5 Nf7 30.Nf6+ Nxf6
31.Bxf6 Qc6 32.c3 bxc3 33.Rxc3 Bb4 34.Rxc4 Qxc4 35.Qb2 g5 36.Bf3 Qb3 37.Qxb3 Bxb3
38.Kg2 Bd2 39.Kf2 Nd8 40.Bxd8 Kxd8 41.Ng3 Bc2 42.Be2 Bg6 43.Ba6 Kc7 44.Ke2 Bf4
45.Bb5 Bf7 46.Bd3 h6 47.Kf3 Kb6 48.h4 Ka5 49.h5 Be8 50.Bg6 Ba4 51.Bf7 Bxg3
52.Kxg3 Kb4 53.Bxe6 Kc4 54.Bc8 Kxd4 55.e6 Kc5 56.Kf3 Kd6 57.Ke2 Ke7 58.Kd2 Bb3
59.Ke2 Bc2 60.Kd2 Be4 61.Ke3 Bg2 62.Kf2 Bh3 63.Kg3 Bf1 64.Kf2 Bc4 65.Ke3 Kd6
66.Kd2 d4 67.e7 Kxe7 68.Bb7 Kf6 69.Bc6 Ke5 70.Bb7 Kf4 71.Bc8 Bf1 72.Bd7 Bh3
73.Kd3 Bxg4 74.Be8 Ke5 75.Bf7 Bf5+ 76.Kd2 Kf4 77.Bg6 Bc8 78.Kd3 g4 79.Kxd4 g3
80.Be4 Bg4  0-1

[Event "Dutch Open"]
[Site "Dieren NED"]
[Date "2006.08.03"]
[Round "9"]
[White "Pruijssers,R"]
[Black "Li Shilong"]
[Result "0-1"]
[WhiteElo "2355"]
[BlackElo "2540"]

1.e4 e6 2.d4 d5 3.Nc3 Nf6 4.e5 Nfd7 5.f4 c5 6.Nf3 Nc6 7.Be3 Be7 8.Qd2 O-O
9.O-O-O c4 10.f5 b5 11.fxe6 fxe6 12.Nxb5 Rb8 13.Nd6 Bxd6 14.exd6 Nb4 15.Kb1 Nf6
16.a3 Ne4 17.Qe1 c3 18.b3 Qa5 19.Bc1 Nxc2 20.Kxc2 Bd7 21.b4 Qa4+ 22.Kd3 c2
23.Rd2 Qb3+ 24.Ke2 Bb5+ 25.Rd3 Qxd3+  0-1

[Event "15th Open A"]
[Site "Vienna AUT"]
[Date "2006.08.03"]
[Round "6"]
[White "Kostic,Vl"]
[Black "Khmelevskyi,S"]
[Result "1-0"]
[WhiteElo "2433"]
[BlackElo "2277"]

1.e4 e6 2.d4 d5 3.Nc3 Nf6 4.e5 Nfd7 5.Nce2 c5 6.c3 Nc6 7.Nf3 Qc7 8.a3 a5
9.Nf4 h6 10.h4 c4 11.g4 b5 12.g5 hxg5 13.Nxg5 Nb6 14.Bg2 Qe7 15.Qg4 Bd7 16.Rh3 O-O-O
17.Rf3 Be8 18.Bh3 Kb8 19.Qg3 Ka7 20.Kf1 Rb8 21.Ng2 Nd8 22.Re3 Qc7 23.Re2 Nc8
24.Bf4 Ne7 25.Qf3 Rb6 26.Bg3 Ng8 27.Nf4 Nh6 28.Rae1 Qb7 29.Ng2 Be7 30.Ne3 Bc6
31.Qg2 Rg8 32.f4 g6 33.Bf2 Rh8 34.Qf3 Bxg5 35.fxg5 Nf5 36.Ng2 Qd7 37.Qf4 Rb8
38.Rb1 Bb7 39.Bg4 Nc6 40.h5 gxh5 41.Bxf5 exf5 42.Nh4 Ne7 43.e6 fxe6 44.Rbe1 Nc6
45.Rxe6 Rbe8 46.Qd6 Qxd6 47.Rxd6 f4 48.Rxe8 Rxe8 49.Rxd5 Nb4 50.Re5 Rxe5
51.dxe5+  1-0

[Event "15th Open A"]
[Site "Vienna AUT"]
[Date "2006.08.04"]
[Round "7"]
[White "Locatin,M"]
[Black "Arif,B"]
[Result "1-0"]
[WhiteElo "1995"]
[BlackElo "2062"]

1.e4 e6 2.d4 d5 3.Nc3 Nf6 4.e5 Nfd7 5.f4 Bb4 6.a3 Be7 7.b4 b6 8.Nf3 c5 9.b5 Qc7
10.Bb2 O-O 11.Be2 f6 12.dxc5 bxc5 13.Nxd5 Qd8 14.Nxe7+ Qxe7 15.O-O Bb7 16.Bc4 Nb6
17.Be2 f5 18.c4 Rd8 19.Qb3 N8d7 20.a4 Rab8 21.a5 Na8 22.Qe3 Nc7 23.Ba3 Ne8
24.Ne1 h6 25.Nd3 Rdc8 26.g4 g5 27.fxg5 fxg4 28.gxh6 Qh4 29.Rf4 Qxh6 30.Rxg4+ Kh7  1-0

[Event "FSIMA August"]
[Site "Budapest HUN"]
[Date "2006.08.13"]
[Round "9"]
[White "Sardy,P"]
[Black "Werner,Di"]
[Result "1/2-1/2"]
[WhiteElo "2339"]
[BlackElo "2315"]

1.e4 e6 2.d4 d5 3.Nc3 Nf6 4.e5 Nfd7 5.f4 c5 6.Nf3 Nc6 7.Be3 cxd4 8.Nxd4 Bc5
9.Qd2 Nxd4 10.Bxd4 Bxd4 11.Qxd4 Qb6 12.O-O-O Qxd4 13.Rxd4 Ke7 14.g3 Nb8 15.Bg2 Nc6
16.Rd2 Bd7 17.Rhd1 Rad8 18.b3 Nb8 19.Ne2 Rc8 20.Kb2 Rc5 21.c3 Rhc8 22.Rc1 Be8
23.Nd4 a6 24.Rdc2 b5 25.a3 R5c7 26.Bf1 Nd7 27.c4 bxc4 28.bxc4 dxc4 29.Rxc4 Nc5
30.Nb3 Na4+ 31.Ka2 Rxc4 32.Rxc4 Rb8 33.Rc2 Rb6 34.Nd4 Kd8 35.Bg2 Bd7 36.Bc6 Bxc6
37.Nxc6+  1/2-1/2

[Event "Open"]
[Site "Predeal ROM"]
[Date "2006.08.13"]
[Round "2"]
[White "Pribeanu,D"]
[Black "Lundeby,O"]
[Result "1-0"]
[WhiteElo "2328"]
[BlackElo "2195"]

1.e4 e6 2.d4 d5 3.Nc3 Nf6 4.e5 Nfd7 5.f4 c5 6.Nf3 Nc6 7.Be3 a6 8.dxc5 Bxc5
9.Bxc5 Nxc5 10.Qd2 b5 11.Qf2 Qb6 12.Bd3 b4 13.Ne2 a5 14.O-O Ba6 15.Kh1 Ne7
16.Rad1 h6 17.Ned4 O-O 18.Qh4 Qb7 19.Qh5 Ne4 20.g4 Rae8 21.f5 exf5 22.gxf5 f6
23.Ne6 Rf7 24.Nxg7 Kxg7 25.exf6+ Rxf6 26.Qxe8 Nxf5 27.Bxe4 Bxf1 28.Bxd5 Qb5
29.Qg8+  1-0

[Event "Open"]
[Site "Stare Mesto CZE"]
[Date "2006.08.14"]
[Round "5"]
[White "Damia,A"]
[Black "Rakay,K"]
[Result "1-0"]
[WhiteElo "2237"]
[BlackElo "2101"]

1.e4 e6 2.d4 d5 3.Nc3 Nf6 4.e5 Nfd7 5.Qh5 c5 6.Nf3 Nc6 7.Ng5 g6 8.Qh3 Qe7
9.Nb5 Nxd4 10.Nd6+ Kd8 11.Ngxf7+ Kc7 12.Qc3 Nxe5 13.Bg5 Qd7 14.Nxe5 Qxd6
15.Nf7 Qd7 16.Bd8+  1-0

[Event "Epetium Open"]
[Site "Stobrec CRO"]
[Date "2006.08.18"]
[Round "6"]
[White "Marcic,I"]
[Black "Knezovic,I"]
[Result "1-0"]
[WhiteElo "2039"]
[BlackElo "1926"]

1.e4 e6 2.d4 d5 3.Nc3 Nf6 4.e5 Nfd7 5.Nce2 c5 6.c3 Nc6 7.f4 Qb6 8.Nf3 f6
9.g3 cxd4 10.cxd4 Bb4+ 11.Nc3 fxe5 12.fxe5 O-O 13.Bf4 g5 14.Nxg5 Nxd4 15.Qh5 Rf5
16.Qxh7+ Kf8 17.Qh8+ Ke7 18.Qg7+ Kd8 19.O-O-O Qa5 20.Rxd4 Bxc3 21.Nxe6+ Ke8
22.bxc3 Qxc3+ 23.Kb1 b5 24.Bd2 Qf3 25.Bb4 Rf7 26.Qh8+ Nf8 27.Bxb5+ Bd7 28.Rf1 Qxf1+
29.Bxf1 Rxf1+ 30.Kb2 Bxe6 31.Rf4 Rxf4 32.gxf4 Kf7 33.f5  1-0

[Event "Stukkenjagers Weekend"]
[Site "Tilburg NED"]
[Date "2006.08.19"]
[Round "2"]
[White "Willemze,T"]
[Black "Clijsen,M"]
[Result "1-0"]
[WhiteElo "2396"]
[BlackElo "2148"]

1.e4 e6 2.d4 d5 3.Nc3 Nf6 4.e5 Nfd7 5.Nf3 c5 6.dxc5 Nc6 7.Bf4 Bxc5 8.Bd3 f6
9.exf6 Nxf6 10.O-O O-O 11.Qe2 Nb4 12.Rae1 Nh5 13.Bg5 Be7 14.Ne5 Bxg5 15.Qxh5 Nxd3
16.cxd3 Bf4 17.Qe2 Rf5 18.Nf3 Bd7 19.d4 Rc8 20.g3 Bd6 21.Nh4 Rf6 22.f4 b5
23.Qd2 Qb6 24.Nf3 b4 25.Nd1 b3 26.axb3 Qxb3 27.Re3 Qc2 28.Qe1 h6 29.Rf2 Qg6
30.Ne5 Bxe5 31.Rxe5 Rc1 32.Qd2 Qb1 33.Rf1 Bb5 34.Rfe1 Rc2 35.Qb4 Be2 36.Nf2  1-0

[Event "9th Open"]
[Site "Banyoles ESP"]
[Date "2006.08.20"]
[Round "5"]
[White "Fluvia Frigola,J"]
[Black "Hoensch,M"]
[Result "1-0"]
[WhiteElo "2130"]
[BlackElo "2305"]

1.e4 e6 2.d4 d5 3.Nc3 Nf6 4.e5 Nfd7 5.f4 c5 6.Nf3 Nc6 7.Be3 a6 8.Qd2 b5 9.a3 Qb6
10.Ne2 Bb7 11.dxc5 Bxc5 12.Ned4 Rc8 13.b4 Bxd4 14.Nxd4 Nxd4 15.Bxd4 Qc7 16.Bd3 O-O
17.Qe2 f6 18.O-O fxe5 19.fxe5 Rxf1+ 20.Rxf1 Rf8 21.h4 Rxf1+ 22.Qxf1 Nb6 23.Qf3 Nc4
24.Bc5 Qd8 25.Qh5 g6 26.Bxg6 hxg6 27.Qxg6+ Kh8 28.Qh6+ Kg8 29.Qxe6+ Kg7 30.Qg4+ Kh6
31.Qf4+ Kg6 32.h5+ Kxh5 33.Qf5+ Qg5 34.g4+  1-0

[Event "Stukkenjagers Weekend"]
[Site "Tilburg NED"]
[Date "2006.08.20"]
[Round "5"]
[White "Van Haastert,E"]
[Black "Clijsen,M"]
[Result "1-0"]
[WhiteElo "2395"]
[BlackElo "2148"]

1.e4 e6 2.d4 d5 3.Nc3 Nf6 4.e5 Nfd7 5.f4 c5 6.Nf3 Nc6 7.Be3 cxd4 8.Nxd4 Bc5
9.Qd2 a6 10.O-O-O O-O 11.Nb3 Bb4 12.Bd3 b5 13.g4 Bb7 14.Rhg1 Na5 15.Bd4 Qc7
16.Nxa5 Bxa5 17.Qf2 Bb6 18.Bxb6 Qxb6 19.Qh4 Qe3+ 20.Kb1 g6 21.g5 Rfc8 22.Rg3 Qf2
23.Rf1 Qd2 24.Rh3 Nf8 25.Nd1 d4 26.Nf2 Bg2 27.Ne4 Bxe4 28.Bxe4 Ra7 29.Qe1 Qxe1+
30.Rxe1 Nd7 31.Rd3 Rc4 32.b3 Rc3 33.Rxd4 Rac7 34.Rd3 Kf8 35.Red1 Ke7 36.Rxc3 Rxc3
37.Kb2 Rh3 38.Bc6 Nc5 39.Rd2 h6 40.gxh6 Rxh6 41.Ka3 a5 42.Bxb5 Rh4 43.Rd4 g5
44.Rc4  1-0

[Event "6th Open"]
[Site "Velika Gorica CRO"]
[Date "2006.08.20"]
[Round "2"]
[White "Saric,Iv"]
[Black "Sukunda,D"]
[Result "1-0"]
[WhiteElo "2394"]
[BlackElo "2183"]

1.e4 e6 2.d4 d5 3.Nc3 Nf6 4.e5 Nfd7 5.f4 c5 6.Nf3 Nc6 7.Be3 Qb6 8.Na4 Qa5+
9.c3 cxd4 10.b4 Nxb4 11.cxb4 Bxb4+ 12.Bd2 Bxd2+ 13.Nxd2 b6 14.Bd3 Nc5 15.Nxc5 bxc5
16.O-O O-O 17.Rb1 c4 18.Nxc4 dxc4 19.Be4 Ba6 20.Bxa8 Rxa8 21.Qxd4 Bb5 22.Qc5 Rb8
23.Rb4 Qb6 24.Qxb6 Rxb6 25.Rfb1  1-0

[Event "3rd Dato Arthur Tan"]
[Site "Kuala Lumpur MAS"]
[Date "2006.08.21"]
[Round "1"]
[White "Rogers,I"]
[Black "Ton That Nhu Tung"]
[Result "1-0"]
[WhiteElo "2548"]
[BlackElo "2230"]

1.e4 e6 2.d4 d5 3.Nc3 Nf6 4.e5 Nfd7 5.Nf3 c5 6.dxc5 Bxc5 7.Bd3 Nc6 8.Bf4 a6
9.O-O b5 10.Re1 Qb6 11.Qe2 Nd4 12.Nxd4 Bxd4 13.Nd1 Bb7 14.c3 Bc5 15.b4 Be7
16.Be3 Qc7 17.Bd4 Nb6 18.Ne3 Rd8 19.Qg4 g6 20.Qh3 Nc4 21.Ng4 h5 22.Nf6+ Bxf6
23.exf6 Qf4 24.Rxe6+ Kf8 25.Re7 Bc8 26.Qg3  1-0

[Event "Lichtenberger Sommer"]
[Site "Berlin GER"]
[Date "2006.08.22"]
[Round "4"]
[White "Meister,Y"]
[Black "Schilow,W"]
[Result "1-0"]
[WhiteElo "2504"]
[BlackElo "2397"]

1.e4 e6 2.d4 d5 3.Nc3 Nf6 4.e5 Nfd7 5.f4 c5 6.Nf3 Nc6 7.Be3 cxd4 8.Nxd4 Bc5
9.Qd2 Bxd4 10.Bxd4 Nxd4 11.Qxd4 Qb6 12.Qxb6 Nxb6 13.O-O-O Bd7 14.Bd3 Ke7
15.Rhf1 g6 16.Rf2 h5 17.Ne2 Bc6 18.Nd4 Nd7 19.Kd2 Rag8 20.Re1 Nb8 21.g3 Bd7
22.Nf3 Nc6 23.a3 Rc8 24.b4 a6 25.Ra1 Rc7 26.Rff1 Na7 27.a4 Nc8 28.b5 a5 29.Ke3 Nb6
30.Nd2 Rhc8 31.Ra2 Be8 32.Kd4 Bd7 33.h3 Be8 34.g4 hxg4 35.hxg4 Bd7 36.Rh1 Kf8
37.Rh2 Kg7 38.Ra1 Rh8 39.Rxh8 Kxh8 40.Nb3 Nc4 41.Nc5 Nb6 42.Rc1 Kg7 43.c4 dxc4
44.Bxc4 Kg8 45.Bb3 Be8 46.Rc2 Nd5 47.Ne4 Rxc2 48.Bxc2 b6 49.Nd6 Bd7 50.Nc4 Nc7
51.Nxb6 Bxb5 52.axb5 Nxb5+ 53.Kd3 Kf8 54.Nc4 Nc7 55.Nxa5 Nd5 56.Ke4 Nc3+
57.Kf3 Kg7 58.g5 Nd5 59.Nc4 Kf8 60.Ba4 Ke7 61.Nd6 Nc7 62.Bc6 Kf8 63.Bb7  1-0

[Event "3rd Dato Arthur Tan"]
[Site "Kuala Lumpur MAS"]
[Date "2006.08.23"]
[Round "6"]
[White "Lim Kian Hwa"]
[Black "Ton That Nhu Tung"]
[Result "1/2-1/2"]
[WhiteElo "2001"]
[BlackElo "2230"]

1.e4 e6 2.d4 d5 3.Nc3 Nf6 4.e5 Nfd7 5.f4 c5 6.Nf3 Nc6 7.Ne2 cxd4 8.Nexd4 Bc5
9.c3 a6 10.Bd3 Qc7 11.Be3 b5 12.Rc1 Be7 13.h4 Nc5 14.Bb1 Bb7 15.Ng5 g6 16.Qg4 h5
17.Qg3 Nd8 18.O-O Rg8 19.Rcd1 Na4 20.Rf2 Bxg5 21.Qxg5 Qe7 22.Qg3 Rh8 23.f5 gxf5
24.Bg5 Rg8 25.Bxf5 exf5 26.Nxf5 Qe6 27.Nd6+ Kd7 28.Rf6 Qg4 29.Qxg4+ hxg4
30.Nxb7 Nxb7 31.Rxd5+ Kc7 32.Rxf7+ Kc6 33.Rdd7 Rab8 34.Rd2 Nac5 35.Rf6+ Kc7
36.Re2 Nd8 37.Rf4 Nde6 38.Rf7+ Kc6 39.Be3 Rbd8 40.g3 Rd1+ 41.Kg2 Nd3 42.Rf1 Rxf1
43.Kxf1 Rf8+ 44.Kg2 Rf5 45.Bd2 Nxb2 46.Re4 Nc4 47.Bf4 Kd5 48.Re1 Nb2 49.Re3 Kc4
50.Bg5 Nd3 51.Re4+ Kxc3 52.Rxg4 Rf2+ 53.Kg1 Re2 54.Bf6 Nd4 55.e6 Re1+ 56.Kg2 Re2+
57.Kg1  1/2-1/2

[Event "Canadian Closed zt"]
[Site "Toronto CAN"]
[Date "2006.08.23"]
[Round "6"]
[White "Patterson,Ro"]
[Black "Arsenault,N"]
[Result "0-1"]
[WhiteElo "2160"]
[BlackElo "2113"]

1.e4 e6 2.d4 d5 3.Nc3 Nf6 4.e5 Nfd7 5.Nce2 c5 6.c3 Nc6 7.f4 Qb6 8.Nf3 Be7
9.a3 cxd4 10.cxd4 O-O 11.h4 f6 12.Rh3 a5 13.b3 Qa7 14.Bb2 b5 15.Ng3 fxe5
16.fxe5 Ba6 17.Bd3 Rxf3 18.Qxf3 b4 19.a4 Nxd4 20.Bxh7+ Kxh7 21.Qh5+ Kg8 22.O-O-O Qc5+
23.Kb1 Qc2+  0-1

[Event "Lichtenberger Sommer"]
[Site "Berlin GER"]
[Date "2006.08.25"]
[Round "7"]
[White "Prudlo,S"]
[Black "Rozov,B"]
[Result "1-0"]
[WhiteElo "2242"]
[BlackElo "2167"]

1.e4 e6 2.d4 d5 3.Nc3 Nf6 4.e5 Ng8 5.Nce2 b6 6.Nf4 Ba6 7.Bxa6 Nxa6 8.c3 Qd7
9.Qg4 c5 10.Nf3 Ne7 11.O-O Nc6 12.c4 O-O-O 13.dxc5 Nxc5 14.Rd1 d4 15.Rb1 Qc7
16.b4 Nd7 17.Nd3 Ndxe5 18.Nfxe5 Nxe5 19.Nxe5 Qxe5 20.Bf4 Qe4 21.c5 b5 22.a4 h5
23.Qh4 bxa4 24.Ra1 d3 25.Rxa4 d2 26.Raa1 f6 27.Qh3 Rd3 28.Be3 f5 29.Rxd2 Ra3
30.Rdd1 Rxa1 31.Rxa1 Be7 32.b5 Bf6 33.Rd1 f4 34.Bxf4 Qxf4 35.Qxe6+ Kb8 36.b6 Qb4
37.Qd6+  1-0

[Event "Lichtenberger Sommer"]
[Site "Berlin GER"]
[Date "2006.08.26"]
[Round "8"]
[White "Meister,Y"]
[Black "Werner,Di"]
[Result "1-0"]
[WhiteElo "2504"]
[BlackElo "2315"]

1.e4 e6 2.d4 d5 3.Nc3 Nf6 4.e5 Nfd7 5.f4 c5 6.Nf3 Nc6 7.Be3 Rb8 8.Qd2 Qa5
9.Be2 b5 10.O-O b4 11.Nd1 cxd4 12.Nxd4 Nxd4 13.Bxd4 Bc5 14.Kh1 Ba6 15.Bxa6 Qxa6
16.Ne3 Bxd4 17.Qxd4 Qb6 18.Qd2 O-O 19.Rf3 Qc5 20.Raf1 f6 21.exf6 Nxf6 22.Nd1 Ne4
23.Qe2 Rfc8 24.Ne3 Qb5 25.Qd1 Qc5 26.b3 Nd6 27.Qe2 Qb5 28.Qe1 Qa6 29.Qd1 g6
30.Qd4 Qb6 31.Qe5 Nf7 32.Qf6 Rc6 33.Qh4 Qd8 34.Qe1 Qf6 35.f5 gxf5 36.Qg3+  1-0

[Event "TCh-Serbia w"]
[Site "Zlatibor SCG"]
[Date "2006.08.27"]
[Round "2"]
[White "Savic,Ma"]
[Black "Maric,M"]
[Result "0-1"]
[WhiteElo "2159"]
[BlackElo "2277"]

1.e4 e6 2.d4 d5 3.Nc3 Nf6 4.e5 Nfd7 5.f4 c5 6.Nf3 Nc6 7.Be3 a6 8.dxc5 Bxc5
9.Bxc5 Nxc5 10.Bd3 Qb6 11.Rb1 Bd7 12.Qd2 Nb4 13.Be2 Ne4 14.Nxe4 dxe4 15.Nd4 Qxd4
16.Qxd4 Nxc2+ 17.Kf2 Nxd4 18.Rhd1 Nxe2 19.Kxe2 O-O-O 20.Rdc1+ Kb8 21.b4 Bb5+
22.Ke1 Rc8  0-1

[Event "VIII Open"]
[Site "Sants ESP"]
[Date "2006.08.28"]
[Round "4"]
[White "Medina Altamirano,K"]
[Black "Fernandez Aguado,E"]
[Result "0-1"]
[WhiteElo "1978"]
[BlackElo "2361"]

1.e4 e6 2.d4 d5 3.Nc3 Nf6 4.e5 Nfd7 5.f4 c5 6.Nf3 a6 7.Be3 Qb6 8.Na4 Qa5+
9.c3 cxd4 10.b4 Qc7 11.Bxd4 Nc6 12.Be3 b5 13.Nb2 f6 14.exf6 Nxf6 15.Nd2 Bd6
16.Nd3 O-O 17.Be2 e5 18.g3 d4 19.cxd4 exd4 20.Bf2 Bh3 21.Qc2 Rfe8 22.Kd1 Nd5
23.Bf3 Nc3+ 24.Kc1 Nxb4 25.Nxb4 Bxb4 26.Bxd4 Ba3+  0-1

[Event "Rudenko Mem"]
[Site "St Petersburg RUS"]
[Date "2006.08.28"]
[Round "3"]
[White "Butuc,M"]
[Black "Miednikova,S"]
[Result "1-0"]
[WhiteElo "2098"]
[BlackElo "2176"]

1.e4 e6 2.d4 d5 3.Nc3 Nf6 4.e5 Nfd7 5.f4 c5 6.Nf3 Nc6 7.Be3 a6 8.Qd2 Qc7
9.g3 Be7 10.Bh3 g6 11.O-O b5 12.a3 Bb7 13.Ne2 cxd4 14.Nexd4 Nc5 15.Nxc6 Ne4
16.Qe2 Qxc6 17.Nd4 Qc4 18.Qd1 h5 19.Re1 Rc8 20.Bf1 Qc7 21.Bd3 Kf8 22.Qe2 Kg7
23.a4 bxa4 24.Bxe4 dxe4 25.Rxa4 Bc5 26.c3 Rhd8 27.Rc4 Qe7 28.b4 Bxd4 29.Bxd4 Rxc4
30.Qxc4 Rc8 31.Qe2 Qd8 32.Rd1 Qc7 33.Qe3 Rd8 34.Rd2 Kh7 35.Bb6 Rxd2 36.Bxc7 Rd1+
37.Kf2 Bd5 38.Qe2 Rd3 39.Bb6 Rxc3 40.Qxa6 Rc2+ 41.Ke3 Ra2 42.Qc8 Ra3+ 43.Kd2 Ra2+
44.Kc1 Ra1+ 45.Kb2 Ra8 46.Qd7 Kg7 47.Ba7 e3 48.Bxe3 Ra2+ 49.Kc3  1-0

[Event "VIII Open"]
[Site "Sants ESP"]
[Date "2006.08.30"]
[Round "6"]
[White "Vila Gazquez,Ja"]
[Black "Mayo Casademont,M"]
[Result "1-0"]
[WhiteElo "2345"]
[BlackElo "2191"]

1.e4 e6 2.d4 d5 3.Nc3 Nf6 4.e5 Nfd7 5.f4 c5 6.Nf3 Nc6 7.Be3 a6 8.Qd2 b5 9.a3 g5
10.Ne2 gxf4 11.Bxf4 cxd4 12.Nexd4 Nxd4 13.Qxd4 Qb6 14.Qd2 Bg7 15.Bd3 Nc5
16.Be3 Qc7 17.Bd4 Ne4 18.Qe2 Bb7 19.O-O O-O 20.c3 f6 21.exf6 Bxf6 22.Bxf6 Rxf6
23.Qe3 Raf8 24.Bxe4 dxe4 25.Nd2 Rxf1+ 26.Rxf1 Rxf1+ 27.Nxf1 Qe5 28.Kf2 Bd5
29.Kg1 Qh5 30.h3 Qd1 31.Qg3+ Kf7 32.Qf4+ Ke7 33.Kh2 Qe2 34.Ne3 h5 35.b4 Ke8
36.Qb8+ Kd7 37.Qa7+ Ke8 38.Qd4 Kf7 39.Qc5 Kg6 40.Qd4 Kf7 41.Qb6 Kg7 42.Qc7+ Kf6
43.Qf4+ Ke7 44.Qg5+ Kd7 45.Qg3 Ke7 46.Kg1 Qd2 47.Qg5+ Kd7 48.Qg7+ Kd6 49.Qd4 Qe1+
50.Kh2 Qe2 51.a4 Ke7 52.a5 Kf7 53.Qb6 Ke7 54.Qc7+ Kf6 55.Qf4+ Ke7 56.Qg5+ Kd7
57.Qg7+ Kd6 58.Qa7 Ke5 59.Qd4+ Kf4 60.Nf1 e5 61.Qxd5 Qc4 62.Qd2+ Kf5 63.Qe3 Ke6
64.Ng3 Qf1 65.Nxh5 Qc4 66.Ng3 Kf7 67.Qb6 e3  1-0

[Event "VIII Open"]
[Site "Sants ESP"]
[Date "2006.08.30"]
[Round "6"]
[White "Fernandez Aguado,E"]
[Black "Moskalenko,V"]
[Result "0-1"]
[WhiteElo "2361"]
[BlackElo "2543"]

1.e4 e6 2.d4 d5 3.Nc3 Nf6 4.e5 Nfd7 5.Nce2 c5 6.c3 Nc6 7.f4 cxd4 8.cxd4 f5
9.Nf3 Be7 10.g3 Nb6 11.b3 Bd7 12.Bh3 O-O 13.O-O a5 14.a4 Nb4 15.Be3 Nc8 16.g4 b5
17.axb5 Bxb5 18.Ng5 Bxg5 19.fxg5 Ne7 20.Qd2 Rc8 21.Rfc1 Bxe2 22.Qxe2 f4 23.Bd2 Qb6
24.Kh1 Qxd4 25.Rxa5 Rxc1+ 26.Bxc1 Nd3 27.Ra4 Nxc1 28.Qa6 Qxe5 29.g6 Nxg6
30.g5 Qe1+  0-1

[Event "TCh-Serbia"]
[Site "Zlatibor SCG"]
[Date "2006.09.02"]
[Round "8"]
[White "Simonovic,A"]
[Black "Stojanovic,Mih"]
[Result "1/2-1/2"]
[WhiteElo "2408"]
[BlackElo "2549"]

1.e4 e6 2.d4 d5 3.Nc3 Nf6 4.e5 Nfd7 5.f4 c5 6.Nf3 a6 7.Be3 Qb6 8.Na4 Qa5+
9.c3 cxd4 10.b4 Qc7 11.Qxd4 Be7 12.Qd2 b5 13.Nb2 Nb6 14.a4 Nxa4 15.Nxa4 bxa4
16.Nd4 Bd7 17.Bd3 Nc6 18.O-O O-O 19.Nxc6 Qxc6 20.Bc2 Qc4 21.Bd4 Rab8 22.Bd3 Qc8
23.Rf3 f5 24.exf6 Bxf6  1/2-1/2

[Event "TCh-Serbia"]
[Site "Zlatibor SCG"]
[Date "2006.09.03"]
[Round "9"]
[White "Pikula,D"]
[Black "Kostic,Vl"]
[Result "1/2-1/2"]
[WhiteElo "2545"]
[BlackElo "2433"]

1.e4 e6 2.d4 d5 3.Nc3 Nf6 4.e5 Nfd7 5.f4 c5 6.Nf3 Nc6 7.Be3 Be7 8.Qd2 O-O
9.Be2 a6 10.O-O b5 11.a3 cxd4 12.Nxd4 Nxd4 13.Bxd4 Qc7  1/2-1/2